Normal view MARC view
  • PRODUCTION ENGINEERING-STATISTICAL METHODS PROCESS CONTROL-STATISTICAL METHODS EXPERIMENTAL DESIGN

Entry Topical Term

Number of records used in: 1

001 - CONTROL NUMBER

  • control field: 77830

003 - CONTROL NUMBER IDENTIFIER

  • control field: NUST

005 - DATE AND TIME OF LATEST TRANSACTION

  • control field: 20210628210019.0

008 - FIXED-LENGTH DATA ELEMENTS

  • fixed length control field: 210628|| aca||aabn | a|a d

040 ## - CATALOGING SOURCE

  • Original cataloging agency: NUST
  • Transcribing agency: NUST

150 ## - HEADING--TOPICAL TERM

  • Topical term or geographic name entry element: PRODUCTION ENGINEERING-STATISTICAL METHODS PROCESS CONTROL-STATISTICAL METHODS EXPERIMENTAL DESIGN

670 ## - SOURCE DATA FOUND

  • Source citation: Work cat.: (NUST): Drain, David 77829, Handbook of experimental methods for process improvement, 1997
© 2023 Central Library, National University of Sciences and Technology. All Rights Reserved.